[Event "Martorell op 35th"]
[Site "Martorell"]
[Date "2017.10.07"]
[Round "4"]
[White "Torrents Busquet, Marti"]
[Black "Bolta Tobella, Francisco"]
[Result "1/2-1/2"]
[WhiteElo "1851"]
[BlackElo "1952"]
[PlyCount "114"]
[EventDate "2017.09.16"]
[EventType "swiss"]
[EventRounds "9"]
[EventCountry "ESP"]
[SourceTitle "CBM 189 Extra"]
[Source "ChessBase"]
[SourceDate "2019.06.03"]
[SourceVersion "1"]
[SourceVersionDate "2019.06.03"]
[SourceQuality "1"]

1. e4 e6 2. Qe2 c5 3. Nf3 Nf6 4. g3 Be7 5. Nc3 0-0 6. e5 Ne8 7. Bg2 d6 8. exd6 Nxd6 9. 0-0 Nc6 10. d3 a6 11. a4 Re8 12. Bf4 Bf6 13. Bxd6 Qxd6 14. Ne4 Qe7 15. c3 Bd7 16. Qe3 b6 17. d4 cxd4 18. Nxf6+ Qxf6 19. Nxd4 Nxd4 20. Bxa8 Nc2 21. Qf3 Qxf3 22. Bxf3 Nxa1 23. Rxa1 Kf8 24. a5 b5 25. Rd1 Ke7 26. Kf1 Rd8 27. Ke2 Bc8 28. Rxd8 Kxd8 29. Ke3 Ke7 30. Kd4 Kd6 31. Bg2 e5+ 32. Kd3 Bf5+ 33. Ke3 Bc8 34. b4 f6 35. h3 g5 36. f4 h6 37. fxe5+ Kxe5 38. g4 f5 39. gxf5 Kxf5 40. Bf3 Ke5 41. Bg2 h5 42. Bf1 Bb7 43. Be2 Bg2 44. Bxh5 Bxh3 45. Bf3 Bc8 46. Bc6 Kd6 47. Ba8 Kc7 48. Be4 Bb7 49. Bf5 Kd6 50. Kd4 Kc7 51. Bg4 Bc8 52. Be2 g4 53. Ke3 Kd6 54. Kf4 Kd5 55. Bd3 Kd6 56. c4 bxc4 57. Bxc4 Kc7 1/2-1/2

[Event "Martorell op 23rd"]
[Site "Martorell"]
[Date "2015.09.19"]
[Round "1"]
[White "Bolta Tobella, Francisco"]
[Black "Sirera Bargallo, Tomas"]
[Result "0-1"]
[WhiteElo "2071"]
[BlackElo "2217"]
[PlyCount "70"]
[EventDate "2015.09.19"]
[EventType "swiss"]
[EventRounds "8"]
[EventCountry "ESP"]
[SourceTitle "EXT 2017"]
[Source "ChessBase"]
[SourceDate "2016.10.25"]
[SourceVersion "1"]
[SourceVersionDate "2016.10.25"]
[SourceQuality "1"]

1. e4 d6 2. d4 Nf6 3. Nc3 Nbd7 4. f4 e5 5. Nf3 exd4 6. Nxd4 g6 7. Bc4 Bg7 8. 0-0 0-0 9. Qe1 c6 10. Kh1 d5 11. exd5 cxd5 12. Bd3 Nc5 13. Be3 Nxd3 14. cxd3 Re8 15. Qd2 Ng4 16. Bg1 Nxh2 17. Bxh2 Bxd4 18. Rae1 Rxe1 19. Rxe1 Bg4 20. Ne2 Bf2 21. Rf1 Qh4 22. Ng1 Bg3 23. Nf3 Bxf3 24. gxf3 Re8 25. Rg1 Re1 26. Rxe1 Bxe1 27. Qe2 Bg3 28. Qe8+ Kg7 29. Qe5+ f6 30. Qe2 Qxh2+ 31. Qxh2 Bxh2 32. Kxh2 Kf7 33. Kg3 Ke6 34. Kg4 h5+ 35. Kg3 Kf5 0-1